MASTER YOUR MONEY A STEP BY STEP PLAN FO (Record no. 30584)

MARC details
000 -LEADER
fixed length control field 00339nam a2200133Ia 4500
008 - FIXED-LENGTH DATA ELEMENTS--GENERAL INFORMATION
fixed length control field 240624s9999 xx 000 0 und d
041 ## - LANGUAGE CODE
Language code of text/sound track or separate title eng
082 ## - DEWEY DECIMAL CLASSIFICATION NUMBER
Classification number 332.024 BLU
100 ## - MAIN ENTRY--PERSONAL NAME
Personal name BLUE RON
245 ## - TITLE STATEMENT
Title MASTER YOUR MONEY A STEP BY STEP PLAN FO
260 ## - PUBLICATION, DISTRIBUTION, ETC.
Date of publication, distribution, etc. 2016
Place of publication, distribution, etc. Chicago
Name of publisher, distributor, etc. Moody Publishers
300 ## - PHYSICAL DESCRIPTION
Extent 271 p.; 23 cm.
365 ## - TRADE PRICE
Currency code
Price amount 38
Holdings
Withdrawn status Lost status Damaged status Not for loan Home library Current library Shelving location Date acquired Cost, normal purchase price Full call number Barcode Date last seen Copy number Price effective from Koha item type
        IMTN IMTN Rack 9-A 04/17/2018 15.99 332.024 BLU 30584 06/24/2024 68.3 06/24/2024 Books
Designed & Maintained by: LRC IMT Nagpur Contact: lrc@imtnag.ac.in© 2024. All Rights Reserved.